<?xml version="1.0" encoding="UTF-8"?>
<marc:record xmlns:marc="http://www.loc.gov/MARC21/slim">
   <marc:leader>00000nam a2200000 a 4500</marc:leader>
   <marc:datafield ind1="1" ind2=" " tag="100">
      <marc:subfield code="a">List, Niki [Regie]</marc:subfield>
      <marc:subfield code="4">aut</marc:subfield>
      <marc:subfield code="e">Verfasser/-in</marc:subfield>
   </marc:datafield>
   <marc:datafield ind1=" " ind2=" " tag="653">
      <marc:subfield code="a">Büro</marc:subfield>
   </marc:datafield>
   <marc:datafield ind1="0" ind2="0" tag="245">
      <marc:subfield code="a">Müllers Büro</marc:subfield>
   </marc:datafield>
   <marc:datafield ind1="0" ind2="0" tag="245">
      <marc:subfield code="b">Zweitausendeins Edition</marc:subfield>
   </marc:datafield>
   <marc:datafield ind1="0" ind2="0" tag="245">
      <marc:subfield code="c">Regie: Niki List. Darsteller: Christina Schmidt, Andreas Vitásek, Barbara Rudnik...</marc:subfield>
   </marc:datafield>
   <marc:datafield ind1=" " ind2="1" tag="264">
      <marc:subfield code="a">Wien</marc:subfield>
      <marc:subfield code="b">Hoanzl</marc:subfield>
      <marc:subfield code="c">2006</marc:subfield>
   </marc:datafield>
   <marc:datafield ind1="1" ind2=" " tag="490">
      <marc:subfield code="a">¬Der¬ Österreichische Film | Edition Der Standard</marc:subfield>
      <marc:subfield code="v">030</marc:subfield>
   </marc:datafield>
   <marc:datafield ind1="1" ind2=" " tag="520">
      <marc:subfield code="a">Eine herrliche, parodistische Spielerei. Regisseur und Autor Niki List treibt seinen Schabernack mit den bekanntesten Detektiv-Figuren der Filmgeschichte, mit den Topoi des Film Noir, aber auch mit ganz gewöhnlichen Seifenopern. Die smart-männliche Reinkarnation von Sam Spade, Philip Marlowe &amp; Co heißt hier schlicht Max Müller. Der hat auch ein Büro und eine recht fesche Sekretärin dazu, das Fräulein Schick. Solange Müller keine Aufträge bekommt und nur die endgültig allerletzten Whiskey-Flaschen leert, singt sie mit treuherzigem Augenaufschlag &#x84;Weil ich so sexy bin&#x93; oder aber &#x84;Männer sind wie Marzipan&#x93;. Max Müller selbst und sein deutschen TV-Serien entlehnter Assistent Andy sind allerdings nicht aus Marzipan. Das stellt sich heraus, als die beiden von einer vermögenden Klientin namens Ingrid Bergman einen dicken Auftrag erhalten (Barbara Rudnik sah man nie geheimnisvoller). Mehr zu verraten, wäre gemein.</marc:subfield>
   </marc:datafield>
   <marc:datafield ind1=" " ind2=" " tag="020">
      <marc:subfield code="a">9783900625993</marc:subfield>
      <marc:subfield code="9">9783900625993</marc:subfield>
   </marc:datafield>
   <marc:datafield ind1=" " ind2=" " tag="020">
      <marc:subfield code="a">3900625999</marc:subfield>
      <marc:subfield code="9">3900625999</marc:subfield>
   </marc:datafield>
   <marc:datafield ind1="3" ind2=" " tag="024">
      <marc:subfield code="a">9006472007302</marc:subfield>
   </marc:datafield>
   <marc:datafield ind1=" " ind2=" " tag="041">
      <marc:subfield code="a">ger</marc:subfield>
   </marc:datafield>
   <marc:datafield ind1=" " ind2=" " tag="500">
      <marc:subfield code="a">Eine überdrehte, musikalische Detektivfilmparodie des österreichischen Regisseurs Niki List. Kultfilm.</marc:subfield>
   </marc:datafield>
   <marc:datafield ind1="0" ind2=" " tag="490">
      <marc:subfield code="v">30.</marc:subfield>
   </marc:datafield>
   <marc:datafield ind1=" " ind2=" " tag="542">
      <marc:subfield code="d">List, Niki</marc:subfield>
   </marc:datafield>
   <marc:datafield ind1=" " ind2=" " tag="300">
      <marc:subfield code="a">100' : 1 DVD</marc:subfield>
   </marc:datafield>
</marc:record>
